Llwytho...

Advaita vedanta/

Manylion Llyfryddiaeth
Prif Awdur: Ramamurthi Sharma
Fformat: Printed Book
Cyhoeddwyd: Delhi: National Publishing House, 1972.
LEADER 00356nam a22001097a 4500
100 |a Ramamurthi Sharma 
245 |a Advaita vedanta/  |c Ramamurthi Sharma 
260 |a Delhi:  |b National Publishing House,  |c 1972. 
300 |a 388p. 
942 |2 ddc  |c BK 
999 |c 242859  |d 242859 
952 |0 0  |1 0  |4 0  |7 0  |9 269398  |a HIN  |b HIN  |c S-10  |d 2012-03-26  |i 7865  |l 0  |p HIN7865  |r 2014-02-07  |w 2014-02-07  |y BK